000 nam a22 a 4500
999 _c679
_d679
003 AKMAL
005 20170504151254.0
008 170504s1991 -us 00 eng d
020 _a0813379393
020 _a0813379407 pbk
040 _aAKMAL
082 0 4 _a170 NEL
090 _a170
_bNEL
100 1 _aNelson, William N.
_91452
245 1 _aMorality, what's in it for me? :
_ba historical introduction to ethics /
_cWilliam N. Nelson
260 _aBoulder, Colo. :
_bWestview Press,
_c1991
300 _axi, 166p. ;
_c24cm
500 _aIncludes index
504 _aBibliography: p.[151]-157
650 _aEthics
_91453
650 _aEthics
_xHistory
_91454
942 _2ddc
_cBOOK